| 000 | 00589nam a2200193Ia 4500 | ||
|---|---|---|---|
| 001 | 140684 | ||
| 003 | 232954 | ||
| 005 | 20250128062556.0 | ||
| 008 | ||||||n9999 ||| || || | ||
| 082 | _a657.3 | ||
| 100 |
_aGill, James O _9172288 |
||
| 245 | 0 |
_aCómo comprender los estados financieros _bguía práctica de aplicaciones financieras para gerentes no financieros _cJames O. Gill ; traducido por Héctor G. Tejera |
|
| 250 | _aeditado por Nicolás Grepe P. | ||
| 562 | _e1 | ||
| 650 | 0 |
_aEstados financieros _97038 |
|
| 942 | _cBKM | ||
| 999 |
_c140684 _d140684 |
||
| 526 | _a17598 | ||
| 526 | _a102617 | ||